Normal view
MARC view
- Krishnan, Sridhar
Entry Personal Name
001 - CONTROL NUMBER
- control field: 127895
003 - CONTROL NUMBER IDENTIFIER
- control field: NUST
005 - DATE AND TIME OF LATEST TRANSACTION
- control field: 20250218122809.0
008 - FIXED-LENGTH DATA ELEMENTS
- fixed length control field: 250218|| aca||aabn | a|a d
040 ## - CATALOGING SOURCE
- Original cataloging agency: NUST
- Transcribing agency: NUST
100 ## - HEADING--PERSONAL NAME
- Personal name: Krishnan, Sridhar
670 ## - SOURCE DATA FOUND
- Source citation: Work cat.: (NUST): Rangayyan, Rangaraj M. 57634, Biomedical Signal Analysis /, 2024.
